000 00942cam a2200289 4500
005 20260322212057.0
008 data
010 _a 70180104
020 _a0385061889 (prebound)
_a0385061889 (prebound)
020 _a0385061889 (prebound)
_a0385061889 (prebound)
040 _aDLC
_cDLC
_dDLC
042 _alcac
050 0 0 _aF1234
_b.V726 1972
082 0 0 _a92
_aB
_a92
100 1 _aRouverol, Jean.
245 1 0 _aPancho Villa :
_ba biography /
_cJean Rouverol.
250 _a[1st ed.]
260 _aGarden City, N.Y.,
_bDoubleday
_c[1972]
300 _a208 p.
_billus.
_c22 cm.
350 _a{dollar}4.50
504 _aBibliography: p. [207]-208.
520 _aA biography of the turn-of-the-century Mexican outlaw who helped overthrow the Diaz government in the Revolution of 1910.
600 1 0 _aVilla, Pancho,
_d1878-1923
_xJuvenile literature.
600 1 1 _aVilla, Pancho,
_d1878-1923.
651 1 _aMexico
_xHistory.
001 data
999 _c1358
_d1358